| 000 | 00849nam a2200277 a 4500 | ||
|---|---|---|---|
| 001 | 58084 | ||
| 003 | BD-RjUL | ||
| 005 | 20211209080602.0 | ||
| 008 | 161512r19731979enka b 001 0 eng d | ||
| 020 | _a0435826050 | ||
| 035 | _a(BD-RjUL)58208 | ||
| 035 | _a(BD-RjUL) | ||
| 040 |
_aQUT _beng _cQUT _dBD-RjUL |
||
| 041 | _aeng | ||
| 082 | 0 | 4 |
_a300.723 _223 _bMOS 1979 |
| 100 | 1 |
_aMoser, Claus _d1922- _9111176 |
|
| 245 | 1 | 0 |
_aSurvey methods in social investigation / _cClaus Moser and Graham kalton |
| 250 | _a2nd ed. | ||
| 260 |
_aLondon : _bHeinemann Educational, _c1973 [1979] |
||
| 300 |
_axiii, 555p. : _bill. ; _c22 cm. |
||
| 490 | 0 | _aHeinemann books on sociology | |
| 504 | _aIncludes index and Bibliography: p. 321-335. | ||
| 650 | 0 |
_aSocial surveys. _9111177 |
|
| 830 |
_aHeinemann books on sociology _9172536 |
||
| 942 |
_2ddc _cBK |
||
| 999 |
_c58084 _d58084 |
||